Sports Quiz

Random Sports or MLB Quiz

Most Games Played - Rockies (2000s) Quiz Stats

 Plays Quiz not verified by Sporcle

Score 0/40 Timer 06:00
0 Plays Today
Position Player % Correct
First BaseTodd Helton
99.2%
ShortstopTroy Tulowitzki
94.7%
Left FieldMatt Holliday
88%
First BaseGarrett Atkins
84.6%
Second BaseLuis A. Gonzalez
84.6%
Third BaseGarrett Atkins
84.6%
Right FieldLarry Walker
84.2%
Second BaseTodd Walker
83.8%
Right FieldBrad Hawpe
81.2%
Second BaseClint Barmes
79.3%
ShortstopClint Barmes
79.3%
CatcherYorvit Torrealba
77.1%
Third BaseVinny Castilla
72.6%
CatcherChris Iannetta
72.2%
Center FieldPreston Wilson
65%
CatcherCharles Johnson
63.9%
Center FieldJuan Pierre
63.5%
Center FieldDexter Fowler
62.4%
Third BaseIan Stewart
62%
Center FieldWilly Taveras
57.5%
Position Player % Correct
Left FieldSeth Smith
55.6%
Left FieldRyan Spilborghs
53%
Right FieldRyan Spilborghs
53%
ShortstopNeifi Perez
51.5%
Right FieldJeromy Burnitz
34.6%
Third BaseJeff Cirillo
34.2%
ShortstopJuan Uribe
32.7%
Second BaseAaron Miles
29.3%
Center FieldCory Sullivan
20.3%
ShortstopRoyce Clayton
19.5%
CatcherBrent Mayne
18.4%
Left FieldJay Payton
18.4%
Right FieldJeffrey Hammonds
17.7%
CatcherJD Closser
16.9%
Left FieldTodd Hollandsworth
16.5%
Second BaseJamey Carroll
15.8%
First BaseJeff Baker
15.4%
Third BaseTodd Zeile
11.3%
First BaseGreg Norton
6.8%
First BaseMark Sweeney
4.9%

You're not logged in!

Compare scores with friends on all Sporcle quizzes.
OR
Log In

Show Comments

Extras

Top Quizzes Today


Score Distribution

Your Account Isn't Verified!

In order to create a playlist on Sporcle, you need to verify the email address you used during registration. Go to your Sporcle Settings to finish the process.

Report this User

Report this user for behavior that violates our Community Guidelines.

Details: